000 01034cam a2200325 a 4500
001 12609009
003 Nust
005 20220830112644.0
008 011204s2001 at 000 1 eng d
010 _a 2001391095
020 _a0141000856
020 _a978-0141000855
040 _aANL
_beng
_cDLC
_dANL
_dDLC
042 _alccopycat
043 _au-at-ne
_ae-fr---
050 0 0 _aPR9619.3.C567
_bL56 2001
082 0 0 _a823
_bCON
100 1 _aCondon, Matthew,
_d1962-
_998654
245 1 0 _aLime Bar /
_cMatt Condon.
260 _aRingwood, Vic. ;
_aNew York :
_bPenguin Books,
_c2001.
300 _a261 p. ;
_c20 cm.
500 _a"A Penguin original"--P. [4] of cover.
650 0 _aSales personnel
_vFiction.
_998655
651 0 _aSydney (N.S.W.)
_vFiction.
_998656
651 0 _aFrance
_vFiction.
_914130
655 7 _aLove stories.
_2gsafd
906 _a7
_bcbc
_ccopycat
_d3
_encip
_f20
_gy-gencatlg
942 _2ddc
_cBK
999 _c174423
_d174423